Tōban hen /

Saved in:
Bibliographic Details
Corporate Author: Kyōdo no Minwa Tōban Chiku Henshū Iinkai.
Format: Book
Language:Japanese
Published: Kōbe : Hyōgo-ken Gakkō Kōseikai, [between 1972 and 1973]
Series:Kyōdo no minwa ; 2.
Subjects:
Tags: Add Tag
No Tags, Be the first to tag this record!
LEADER 00976nam a2200253ui 4500
001 007735807-4
005 20024617122053.0
008 980312q19721973ja s000 0 jpn d
035 0 |a ocm38587025 
040 |a *YNH*  |c *YNH*  |d CStRLIN 
245 0 0 |6 880-01  |a Tōban hen /  |c Kyōdo no Minwa Tōban Chiku Henshū Iinkai hen. 
260 |6 880-02  |a Kōbe :  |b Hyōgo-ken Gakkō Kōseikai,  |c [between 1972 and 1973] 
300 |a 1 v. ;  |c 21 cm. 
490 1 |6 880-03  |a Kyōdo no minwa ;  |v 2 
650 0 |a Tales  |z Japan  |z Hyōgo-ken. 
710 2 |6 880-04  |a Kyōdo no Minwa Tōban Chiku Henshū Iinkai. 
880 0 0 |6 245-01  |a 東播編 /  |c 鄉土の民話東播地区編集委員会編. 
880 |6 260-02  |a 神戶:  |b 兵庫県学校厚生会,  |c [between 1972 and 1973] 
880 1 |6 490-03  |a 鄉土の民話 ;  |v 2 
880 2 |6 710-04  |a 鄉土の民話東播地区編集委員会. 
830 0 |6 880-53  |a Kyōdo no minwa ;  |v 2. 
880 0 |6 830-53  |a 鄉土の民話 ;  |v 2. 
988 |a 20021221 
906 |0 MH